| 000 | 01116nam a2200277 i 4500 | ||
|---|---|---|---|
| 001 | 93424 | ||
| 003 | ES-MaACL | ||
| 005 | 20251114151250.0 | ||
| 007 | t| | ||
| 008 | 050526s1963 sp ||||1| spa d | ||
| 080 | _a730 Chirino, Martín (083.82) | ||
| 100 | 1 |
_aChirino, Martín, _d1925-2019 _9237066 |
|
| 245 | 1 | 0 |
_aMartín Chirino _b: [exposición, Sala de Santa Catalina del Ateneo de Madrid, 19 de febrero-13 de marzo de 1963]. |
| 260 |
_a[Madrid : _bs.n., _c1963] ( _fImprenta Nacional del Boletín Oficial del Estado) |
||
| 300 |
_a[38] p. : _bprincipalmente il. n. ; _c21 cm. |
||
| 490 | 1 |
_aCuadernos de arte. Colección ordinaria ; _v107 |
|
| 600 | 0 | 4 |
_aChirino, Martín, _d1925-2019- _vExposiciones _938553 |
| 610 | 2 | 7 |
_aAteneo de Madrid- _vExposiciones- _y1960-1969. _91920 |
| 655 | 7 |
_2tgfbne _9193628 _aCatálogos de exposiciones |
|
| 710 | 2 |
_aAteneo de Madrid. _bSala de Santa Catalina. _91964 |
|
| 830 | 0 |
_aCuadernos de arte. Colección ordinaria _v107 _9180064 |
|
| 852 |
_aES-MaACL _j2193-F-9 _bR.136098 _996868 |
||
| 852 |
_aES-MaACL _jG-13301(6) _996867 |
||
| 942 | _2udc | ||
| 999 |
_c93424 _d93424 |
||